| 000 | 01175nam a22003377a 4500 | ||
|---|---|---|---|
| 003 | CHAP | ||
| 005 | 20220329141021.0 | ||
| 008 | 971013s1996 r 00010 d | ||
| 010 | _a61342 | ||
| 011 | _a62314 | ||
| 035 | _a66488 | ||
| 040 | _cCHAP | ||
| 090 | _aTesis | ||
| 100 | 0 | 0 |
_aBarrón Aguilar, Francisco Javier. _910552 |
| 245 | _aZonificación climática del país para la producción de gallinas ponedoras | ||
| 260 |
_aChapingo, Méx. : _bEl autor, _c1996 |
||
| 300 |
_a92 h. _b; anexos |
||
| 502 | _aTesis (Ing. Agr. Esp. en Zootecnia) -- UACH. Departamento de Zootecnia | ||
| 590 |
_aALEPH _b10 _c20130110 _lUCH01 _h1341 |
||
| 590 |
_aBATCH-UPD _b10 _c20130110 _lUCH01 _h0816 |
||
| 590 |
_aBATCH-UPD _b10 _c20130410 _lUCH01 _h0454 |
||
| 590 |
_aBATCH-UPD _b10 _c20130914 _lUCH01 _h0447 |
||
| 590 |
_aBATCH-UPD _b10 _c20130914 _lUCH01 _h2044 |
||
| 590 |
_aCONVERSION _b10 _c20130109 _lUCH01 _h1333 |
||
| 650 | 1 | 4 |
_aAves de corral _xProducción. _98677 |
| 650 | 1 | 4 |
_aTemperatura _xEfecto en aves de corral. _9112184 |
| 901 | _aBK | ||
| 942 | _cFOLL | ||
| 949 |
_bBC _cTES _d-151697 _eTS1 _h29664 _i66488 _si |
||
| 949 |
_bBC _cTES _d33724000623534 _eTS2 _fc.2 _h29665 _i66488 _si |
||
| 999 |
_c61342 _d61342 |
||